| 000 | 00483nam a2200169Ia 4500 | ||
|---|---|---|---|
| 999 |
_c28793 _d28793 |
||
| 003 | OSt | ||
| 005 | 20201216160206.0 | ||
| 008 | 190216s9999||||xx |||||||||||||| ||und|| | ||
| 040 | _coclc | ||
| 082 |
_a894.812 _bSAD/P |
||
| 100 |
_aSadath, P Anwar _97392 |
||
| 245 | 0 |
_aPakshikal Nammude Koottukar / _cP Anwar Sadath |
|
| 260 |
_bDimple Books, _aAlapuzha: _c2006. |
||
| 300 | _a80p | ||
| 650 | _aSahithyam | ||
| 942 |
_cBK _2ddc _h894.812 _iSAD/P _k894.812 _mSAD/P |
||